[Event "Oslo Sveins op 8th"]
[Site "Oslo"]
[Date "2015.06.20"]
[Round "2"]
[White "Lund, Gunnar"]
[Black "Oygard, Torbjorn"]
[Result "1-0"]
[WhiteElo "1842"]
[BlackElo "1598"]
[PlyCount "67"]
[EventDate "2015.06.19"]
[EventType "swiss"]
[EventRounds "9"]
[EventCountry "NOR"]
[SourceTitle "CBM 167 Extra"]
[Source "ChessBase"]
[SourceDate "2015.09.14"]
[SourceVersion "1"]
[SourceVersionDate "2015.09.14"]
[SourceQuality "1"]

1. e4 e5 2. Nf3 Nc6 3. Bb5 Nf6 4. 0-0 Nxe4 5. Re1 Nd6 6. Bxc6 dxc6 7. Nxe5 Be7 8. d3 Be6 9. Nc3 h5 10. h3 Bf6 11. Ng6 Rh7 12. Nf4 Qd7 13. a4 Bxc3 14. bxc3 0-0-0 15. Nxe6 fxe6 16. Qe2 Re8 17. Be3 b6 18. Reb1 h4 19. a5 Nb5 20. Qd2 Rh5 21. c4 Nd6 22. c3 Nf5 23. axb6 cxb6 24. Bxb6 axb6 25. Rxb6 Kd8 26. Qb2 Nd6 27. Raa6 Nc8 28. Rxc6 Re7 29. Qe2 Rh6 30. c5 Qe8 31. Rxc8+ Kxc8 32. Ra8+ Kd7 33. Rxe8 Rxe8 34. Qe5 1-0

[Event "Oslo op-B"]
[Site "Oslo"]
[Date "2014.09.28"]
[Round "1"]
[White "Reppen, Tore"]
[Black "Oygard, Torbjorn"]
[Result "1-0"]
[WhiteElo "1678"]
[BlackElo "800"]
[PlyCount "93"]
[EventDate "2014.09.28"]
[EventType "swiss"]
[EventRounds "9"]
[EventCountry "NOR"]
[SourceTitle "EXT 2017"]
[Source "ChessBase"]
[SourceDate "2016.10.25"]
[SourceVersion "1"]
[SourceVersionDate "2016.10.25"]
[SourceQuality "1"]

1. g3 d5 2. Bg2 Nf6 3. c4 c6 4. cxd5 cxd5 5. Nf3 Nc6 6. 0-0 e5 7. d3 g6 8. Bg5 Bg7 9. a3 0-0 10. Nc3 Be6 11. b4 a6 12. Rc1 Qd7 13. Na4 Qd8 14. Nc5 Bc8 15. Qc2 Re8 16. e4 d4 17. Qd2 Rb8 18. Nxa6 Ra8 19. b5 bxa6 20. bxc6 a5 21. Rc5 Qc7 22. Rfc1 Re6 23. Bh3 Re8 24. Bxc8 Raxc8 25. Qxa5 Qxa5 26. Rxa5 Re6 27. Ra6 Ne8 28. Rc2 Nc7 29. Rb6 Na8 30. Rb7 Bf8 31. a4 f6 32. Bd2 Rexc6 33. Rxc6 Rxc6 34. Rb8 Nb6 35. Bb4 Nc8 36. Bxf8 Kxf8 37. a5 Rc7 38. Nd2 Ke8 39. Nc4 Kd7 40. f4 exf4 41. gxf4 Nd6 42. Rb4 Nxc4 43. Rxc4 Rxc4 44. dxc4 Kc6 45. e5 fxe5 46. fxe5 d3 47. Kf1 1-0